| 000 | 00393nam a2200157Ia 4500 | ||
|---|---|---|---|
| 008 | 210716s1996 xx 000 0 und d | ||
| 020 | _a8170296927 | ||
| 041 | _aeng | ||
| 082 | _a005.43 PEEJ | ||
| 100 | _aPeek, Jerry; Reilly, Tim O; Loukides, Mike. | ||
| 245 | _aUnix power tools. | ||
| 250 | _a1 | ||
| 260 |
_aNew Delhi _bBPB Publications _c1996 |
||
| 300 | _axlii1129 | ||
| 650 | _aUnix | ||
| 999 |
_c183096 _d183096 |
||